000
00276nam a2200109Ia 4500
008
220204s9999 xx 000 0 und d
082
_b
GOP
100
_a
Gopalakrishnan Nair, R
245
0
_a
Prabhath garhika vijnana kosam
260
_a
Trivandrum
_b
Prabhath
_c
1979
942
_c
BK
999
_c
34174
_d
34174